000 00439nam a2200205Ia 4500
001 095114
003 YMCAF
005 20230512161946.0
008 100717s2008 ||||||||||||||||| ||und|d
024 _a95114
035 _a34572
040 _aYMCAF
_beng
_cIN-KoLT
041 _aeng
082 _a371.26
_bCOM
100 _aAIEEE
245 0 _aComplete chemistry for AIEEE
260 _bTMH
_c2008
300 _aV P
942 _2ddc
_cBK
999 _c10019
_d10019